000 00261nam a2200133Ia 4500
100 _aTostoi/Lev
650 _aGeneral
942 _cBK
245 _aResurrection
260 _bProgress Publishers
_c1953
082 _a891
300 _a585
546 _aENGLISH
999 _c24529
_d24529